Tư tưởng ngoại giao Hồ Chí Minh
Nôi dung sách giới thiệu nguồn gốc, quá trifnh hình thành, phát triển và hoàn thiện tư tưởng ngoại giao Hồ Chí Minh. Trình bày hệ thống các nguyên lý, luận điểm, quan điểm, quan niệm của Hồ Chí Minh về các vấn đề thế giới, thời đại và q...
שמור ב:
| מחבר ראשי: | |
|---|---|
| פורמט: | ספר |
| שפה: | Undetermined |
| יצא לאור: |
Hà Nội
Chính trị Quốc gia
2002
|
| נושאים: | |
| תגים: |
הוספת תג
אין תגיות, היה/י הראשונ/ה לתייג את הרשומה!
|
| Thư viện lưu trữ: | Trung tâm Học liệu Trường Đại học Cần Thơ |
|---|
| LEADER | 01097nam a2200217Ia 4500 | ||
|---|---|---|---|
| 001 | CTU_51500 | ||
| 008 | 210402s9999 xx 000 0 und d | ||
| 020 | |b 43000 | ||
| 082 | |a 335.4346 | ||
| 082 | |b N305 | ||
| 100 | |a Nguyễn, Dy Niên | ||
| 245 | 0 | |a Tư tưởng ngoại giao Hồ Chí Minh | |
| 245 | 0 | |c Nguyễn Dy Niên | |
| 260 | |a Hà Nội | ||
| 260 | |b Chính trị Quốc gia | ||
| 260 | |c 2002 | ||
| 520 | |a Nôi dung sách giới thiệu nguồn gốc, quá trifnh hình thành, phát triển và hoàn thiện tư tưởng ngoại giao Hồ Chí Minh. Trình bày hệ thống các nguyên lý, luận điểm, quan điểm, quan niệm của Hồ Chí Minh về các vấn đề thế giới, thời đại và quan hệ quốc tế, chính sách đối ngoại của Đảng và Nhà nước... | ||
| 650 | |a Ho Chi Minh,Ho Chi Minh | ||
| 650 | |x Biography,Ideology | ||
| 904 | |i Trúc Phương (tuyến sửa ) | ||
| 980 | |a Trung tâm Học liệu Trường Đại học Cần Thơ | ||